|
|
|
|
| LEADER |
01247nam a2200325 i 4500 |
| 001 |
40249 |
| 003 |
BD-DhAAL |
| 008 |
221226r19841981nyua b 000 0 eng d |
| 999 |
|
|
|c 45279
|d 45279
|
| 010 |
|
|
|a 80020999
|
| 020 |
|
|
|a 4805304758
|
| 020 |
|
|
|a 0394513622 :
|c $15.95
|
| 020 |
|
|
|a 0394324129 (text ed.) :
|c $9.95
|
| 040 |
|
|
|a DLC
|c DLC
|d DLC
|d BD-DhAAL
|
| 043 |
|
|
|a a-ja---
|
| 050 |
0 |
0 |
|a DS835
|b .R38 1981
|
| 082 |
0 |
0 |
|a 952
|
| 100 |
1 |
|
|a Reischauer, Edwin O.
|q (Edwin Oldfather),
|d 1910-1990.
|9 53193
|
| 245 |
1 |
0 |
|a Japan :
|b the story of a nation /
|c Edwin O. Reischauer.
|
| 250 |
|
|
|a Third edition.
|
| 260 |
|
|
|a New York :
|b Charles E. Tuttle,
|c c1981 [fifth printing 1984].
|
| 300 |
|
|
|a xiii, 428 pages :
|b illustrations ;
|c 22 cm.
|
| 500 |
|
|
|a Previously published under title: Japan, past and present.
|
| 504 |
|
|
|a Includes bibliographical references (pages 403-410).
|
| 541 |
|
|
|a Donated By Akbar Ali Khan
|e 40249
|
| 590 |
|
|
|a In English.
|
| 651 |
|
0 |
|a Japan.
|x History.
|9 53194
|
| 852 |
|
|
|a Ayesha Abed Library
|c Akbar Ali Khan Collection
|
| 942 |
|
|
|2 ddc
|c BK
|
| 952 |
|
|
|0 0
|1 0
|2 ddc
|4 0
|6 952_000000000000000_REI
|7 1
|9 72583
|a BRACUL
|b BRACUL
|c AAKC
|d 2022-12-26
|e Donated by Akbar Ali Khan
|l 0
|o 952 REI
|p 3010040249
|r 2022-12-26
|t 1
|w 2022-12-26
|y BK
|